000 00276nam a2200121Ia 4500
100 _aGupta & kaushish.
942 _cBK
654 _aBasic fitting tools.
245 _aBasic fitting tools.
260 _bNew heights publishers .
_c2001
082 _a621.9
546 _aENGLISH
999 _c23254
_d23254